1908 1305 1721 1857 1383 1103 1061 1055 1736 1571 1029 1039 1307 1253 1222 1102 1412 1297 1599 1385 1889 1553 1551 1607 1983 1264 1737 1803 1257 1953 1235 1610 1462 1781 1059 1042 1653 1900 1202 1490 1685 1196 1058 1467 1054 1796 1474 1937 1311 1998 1883 1320 1634 1739 1727 1021 1984 1834 1217 1357 1720 1561 1558 1131 1215 1240 1168 1633 1780 1640 1601 1919 1881 1625 1053 1370 1134 1968 1429 1561 1227 1743 1361 1198 1748 1648 1499 1933 1320 1478 1540 1146 1779 1366 1212 1853 1729 1835 1971 BCNSPRNW ULIB Ver.6.0+V

เปลี่ยนเป็นภาษาไทย

Change to English
 แสดงรายละเอียดบรรณานุกรม
  กลับหน้าหลัก

Brief Record : Get Marc (ISO 2709) : E-mail record : QR code < ปิดหน้าต่าง
LEADER : 00000nam 2200000uu 4500
001    13399115079
003     ULIB
008    120709s2551||||th 000 0 tha d
020    ^a9789749228371
050  4 ^aAE71^bส819 2551
245 00 ^aสารานุกรมรอบรู้ รอบโลก /^c[บรรณาธิการ, สุณี ธนาเลิศกุล...
250    ^aพิมพ์ครั้งที่ 6
260    ^aกรุงเทพฯ :^bรีดเดอร์ส ไดเจสท์ (ประเทศไทย),^c2551
300    ^a477 หน้า :^bภาพประกอบ ;^c28 ซม.
650  4 ^aสารานุกรม
700 0  ^aสุณี ธนาเลิศกุล,^eบรรณาธิการ
700 0  ^aศ.วิสุทธิ์ บุษยกุล,^eผู้แปล
710 2  ^aรีดเดอร์ส ไดเจสท์ (ประเทศไทย)
945    ^p0^l0^i16555
995    ^aกัณชพร
999 ^a ใช้งานได้ทุกระบบ
รายการนี้ยังไม่มีแท็ก
คุณยังไม่ได้ล็อกอิน คุณสามารถมีกิจกรรมร่วมกับเว็บไซต์ได้ แต่ต้องล็อกอินก่อน ::
  ล็อกอิน

รายการสื่อสารสนเทศ

ลำดับที่ ประเภท เลขเรียก/บาร์โค้ด สถานที่ สถานะ
- ไม่พบข้อมูล -

รายการใกล้เคียง
    หัวเรื่อง [สารานุกรม]

BibComment


ยังไม่เคยถูกคอมเมนท์

คอมเมนท์ทรัพยากรรายการนี้
  คอมเมนท์: สารานุกรมรอบรู้ ..


 Copyright 2026. Bcnsprnw @Library